Statistics for Largest Cities in Africa Beginning With 'B'

Click here to take the quiz!

General Stats

  • This quiz has been taken 137 times
  • The average score is 10 of 18

Answer Stats

#PopulationCountryAnswer% Correct
13,825,000MaliBamako
98%
22,425,000Republic of the CongoBrazzaville
96%
51,260,000Central African RepublicBangui
92%
18387,909Guinea-BissauBissau
90%
61,050,000GambiaBanjul
86%
16464,591South AfricaBloemfontein
79%
10618,325LibyaBenghazi
77%
14497,166BurundiBujumbura
74%
31,740,000NigeriaBenin City
73%
41,320,000AngolaBenguela
39%
8800,264MalawiBlantyre
38%
9665,940ZimbabweBulawayo
38%
11592,090MozambiqueBeira
25%
71,010,000Burkina FasoBobo-Dioulasso
23%
15471,789D.R. CongoBukavu
13%
12536,719Cote d'IvoireBouaké
10%
13530,000NigeriaBauchi
4%
17400,000NigeriaBida
1%

Score Distribution

Percentile by Number Answered

Percent of People with Each Score

Your Score History

You have not taken this quiz